| 000 | 00434nam a22001577a 4500 | ||
|---|---|---|---|
| 005 | 20240508102148.0 | ||
| 008 | 240508b |||||||| |||| 00| 0 eng d | ||
| 082 |
_a618 _bARS-F |
||
| 100 | _aArshad;Chohan | ||
| 245 |
_aFundamentals of Obstetrics / _cArshad;Chohan |
||
| 260 |
_aPakistan : _bMAR Publicasher ; _c2017. |
||
| 300 |
_a415 p.: _bill; _c24 cm. |
||
| 500 | _ainclude index . | ||
| 650 | _aMedical / Gynaecology | ||
| 999 |
_c35717 _d35717 |
||